[Event "Top20"]
[Site "?"]
[Date "1999.10.02"]
[Round "1"]
[White "Cursoux, Laurent"]
[Black "Ollier, Michel"]
[Result "1/2-1/2"]
[WhiteElo "2211"]
[BlackElo "1840"]
[PlyCount "104"]

1. e4 c5 2. c3 Nf6 3. e5 Nd5 4. d4 cxd4 5. Nf3 Nc6 6. cxd4 d6 7. exd6 Qxd6 8.
Be2 Bf5 9. O-O e6 10. Na3 Be7 11. Nc4 Qd8 12. Be3 O-O 13. Rc1 Rc8 14. Qb3 b6
15. a3 a6 16. Nfe5 f6 17. Nxb6 fxe5 18. Nxc8 Qxc8 19. Qa4 exd4 20. Rxc6 Qe8 21.
Bxd4 Qg6 22. Be5 Bh3 23. Bg3 Bxg2 24. Kxg2 Nf4+ 25. Kh1 Nxe2 26. Qc4 Qh5 27.
Qxe6+ Kh8 28. Rc3 Nxc3 29. bxc3 Bxa3 30. Qxa6 Qf3+ 31. Kg1 Qxc3 32. Qe6 Qf6 33.
Qe3 Qe7 34. Qxe7 Bxe7 35. Kg2 Bf6 36. Rd1 h6 37. Rd7 Kh7 38. h4 Rd8 39. Rxd8
Bxd8 40. h5 Bf6 41. Kf3 Kg8 42. Ke4 Kf7 43. Kf5 Bd4 44. f4 Be3 45. Be1 Bd4 46.
Bb4 Bb2 47. Bd6 Bc3 48. Be5 Bb4 49. Bd4 Be7 50. Bc3 Bf6 51. Be5 Be7 52. Bc3 Bd6
1/2-1/2

[Event "Top20"]
[Site "?"]
[Date "1999.09.25"]
[Round "1"]
[White "Cursoux, Gerard"]
[Black "Graillon, David"]
[Result "0-1"]
[WhiteElo "2100"]
[BlackElo "1790"]
[PlyCount "120"]

1. e4 d5 2. e5 Bf5 3. d4 e6 4. c3 c5 5. Nf3 Nc6 6. Bb5 a6 7. Bxc6+ bxc6 8. O-O
Qb6 9. b3 Nh6 10. Bxh6 gxh6 11. Nh4 Bg6 12. Nxg6 hxg6 13. Qd3 Be7 14. Nd2 Qb5
15. c4 Qa5 16. cxd5 cxd5 17. dxc5 Bxc5 18. Rac1 O-O 19. Rc2 Ba3 20. Nb1 Rfc8
21. Nxa3 Qxa3 22. h4 Rxc2 23. Qxc2 Qe7 24. g3 Kg7 25. Rc1 Qa3 26. Rd1 Qb4 27.
Rc1 Qd4 28. Qc3 Qe4 29. Re1 Rc8 30. Rxe4 30... Rxc3 $11 31. Ra4 Rc6 32. Kf1 g5
33. hxg5 hxg5 34. Ke2 Kg6 35. Ke3 Kf5 36. Kd4 Kg4 37. Ke3+ 37... Kf5 $11 38. f4
gxf4+ 39. gxf4 Rc3+ 40. Kf2 Rc2+ 41. Ke3 Rc3+ 42. Kd4 Rc6 43. Kd3 Kg4 44. Rb4
Kf5 45. a3 Kg4 46. Rb7 Kxf4 47. Kd4 Kf3 48. Rxf7+ Ke2 49. Rd7 Rb6 50. Kc3 Ke3
51. Rd6 d4+ 52. Kc4 Rb8 53. Rxe6 Rc8+ 54. Kb4 d3 55. Rd6 Ke2 56. Ka5 d2 57.
Rxd2+ Kxd2 58. Kxa6 Kc3 59. b4 Kc4 60. Kb7 Re8 0-1

[Event "Top20"]
[Site "?"]
[Date "1999.10.02"]
[Round "1"]
[White "Boblin, Laurent"]
[Black "Tchalimian, Pascal"]
[Result "0-1"]
[WhiteElo "1780"]
[BlackElo "2080"]
[PlyCount "52"]

1. e4 e6 2. d4 d5 3. Nd2 dxe4 4. Nxe4 Nd7 5. Nf3 Ngf6 6. Bg5 Be7 7. Nxf6+ Bxf6
8. Qd2 O-O 9. Bd3 h6 10. Bxh6 e5 11. Be3 exd4 12. Bxd4 Re8+ 13. Be2 Qe7 14. c3
Bxd4 15. Nxd4 Nf6 16. Nc2 Bg4 17. Ne3 Ne4 18. Qc1 Bxe2 19. Kxe2 Rad8 20. Rd1
Rxd1 21. Qxd1 Nxf2 22. Kxf2 Qxe3+ 23. Kf1 Re6 24. g3 Rf6+ 25. Kg2 Rf2+ 26. Kh1
Qe4+ 0-1

[Event "Top20"]
[Site "?"]
[Date "1999.10.02"]
[Round "1"]
[White "Deville, Olivier"]
[Black "Carrot, Patrick"]
[Result "0-1"]
[WhiteElo "2060"]
[BlackElo "1750"]
[PlyCount "58"]

1. c4 Nf6 2. Nc3 g6 3. g3 Bg7 4. Bg2 c6 5. d4 d5 6. cxd5 Nxd5 7. e4 Nxc3 8.
bxc3 Be6 9. Qd3 Nd7 10. a4 Nc5 11. Qc2 Nb3 12. Rb1 Nxc1 13. Qxc1 Qa5 14. Nf3 b5
15. axb5 cxb5 16. O-O Rc8 17. Ra1 Qb6 18. Qa3 Rc7 19. Rfb1 O-O 20. Qb4 Rb8 21.
Ra5 Bc4 22. Nd2 Bd3 23. Rba1 Rbc8 24. Ra6 Qb8 25. R1a3 e6 26. d5 Bxc3 27. Qb3
b4 28. dxe6 bxa3 29. exf7+ Rxf7 0-1

[Event "Top20"]
[Site "?"]
[Date "1999.10.02"]
[Round "1"]
[White "Petit, Didier"]
[Black "Garon, Pierre"]
[Result "1-0"]
[WhiteElo "1750"]
[BlackElo "1920"]
[PlyCount "75"]

1. Nf3 d5 2. g3 Nf6 3. Bg2 Bf5 4. d3 e6 5. Nbd2 Be7 6. O-O O-O 7. c3 c5 8. Re1
Nc6 9. Qc2 h6 10. e4 Bg6 11. h3 Rc8 12. a3 Qc7 13. Qd1 Rfd8 14. Qe2 a6 15. Nh2
dxe4 16. Nxe4 Rd7 17. Bf4 Qb6 18. Rad1 Rcd8 19. b4 Qb5 20. Nxc5 Bxc5 21. bxc5
Qxc5 22. Qb2 Bxd3 23. Ng4 Nxg4 24. hxg4 Bb5 25. Rxd7 Rxd7 26. Be3 Qd6 27. Qb3
Ne5 28. Bf4 f6 29. Bxe5 fxe5 30. a4 Bc6 31. Bxc6 bxc6 32. Qc4 Rf7 33. Qe4 Qc5
34. Re3 Qd6 35. Qxe5 Qd1+ 36. Kg2 Qxa4 37. Qxe6 Qc2 38. Rf3 1-0

[Event "Top20"]
[Site "?"]
[Date "1999.10.02"]
[Round "1"]
[White "Clement, Paul"]
[Black "Massard, Christian"]
[Result "1/2-1/2"]
[WhiteElo "1900"]
[BlackElo "1740"]
[PlyCount "98"]

1. Nf3 d5 2. g3 Nf6 3. Bg2 c5 4. d3 Nc6 5. Nbd2 e5 6. e4 d4 7. a4 Be7 8. O-O
O-O 9. h3 Qc7 10. Nh4 g6 11. Nc4 Be6 12. Bh6 Rfe8 13. b3 Bxc4 14. bxc4 Bf8 15.
Bd2 a5 16. Nf3 Nd7 17. Nh2 f6 18. f4 Bg7 19. h4 h6 20. Qc1 Qd8 21. fxe5 fxe5
22. Bxh6 Rf8 23. Qd2 Qe7 24. Bh3 Nb6 25. Bxg7 Rxf1+ 26. Rxf1 Kxg7 27. Ng4 Rh8
28. Nf6 Nxa4 29. Nd5 Qd8 30. h5 gxh5 31. Rf6 Qxf6 32. Nxf6 Kxf6 33. Qf2+ Kg7
34. Qf5 Rf8 35. Qg5+ Kf7 36. Bd7 Nc3 37. Bxc6 bxc6 38. Qxe5 Kg6 39. Qd6+ Rf6
40. Qxc5 a4 41. Kg2 a3 42. Qxa3 Nd1 43. Qe7 Ne3+ 44. Kh3 Rf1 45. Qd6+ Kg5 46.
Qd8+ Kg6 47. Qg8+ Kh6 48. g4 hxg4+ 49. Kh2 Rf2+ 1/2-1/2

[Event "Top20"]
[Site "?"]
[Date "1999.10.02"]
[Round "1"]
[White "Rea, Laurent"]
[Black "Talavera, Jose"]
[Result "0-1"]
[WhiteElo "1740"]
[BlackElo "1890"]
[PlyCount "84"]

1. d4 Nf6 2. c4 e6 3. a3 c5 4. d5 exd5 5. cxd5 d6 6. Nc3 g6 7. e4 Bg7 8. Bd3
O-O 9. h3 Na6 10. Qc2 Rb8 11. Bf4 Nc7 12. Qe2 a6 13. Nf3 b5 14. O-O Re8 15. Nd2
Nfxd5 16. Qf3 Nxc3 17. bxc3 Bxc3 18. Rad1 Bg7 19. Bb1 Ne6 20. Nb3 Nxf4 21. Qxf4
c4 22. Nd4 Qb6 23. Nf3 Re6 24. Qh4 h6 25. Rfe1 Bb7 26. Nh2 d5 27. Re2 d4 28.
Kh1 d3 29. Re3 Rbe8 30. Bxd3 cxd3 31. Rexd3 Rxe4 32. Qg3 Re1+ 33. Nf1 Rxd1 34.
Rxd1 Qc6 35. Ne3 a5 36. h4 Be5 37. Qg4 Bc8 38. Qe2 Bf4 39. Qf3 Qxf3 40. gxf3
Bb7 41. Rd7 Bxf3+ 42. Kg1 Rc8 0-1

[Event "Top20"]
[Site "?"]
[Date "1999.10.02"]
[Round "1"]
[White "Poncet, Alain"]
[Black "Bruel, Bruno"]
[Result "1/2-1/2"]
[WhiteElo "1860"]
[BlackElo "1720"]
[PlyCount "85"]

1. e4 c5 2. Nf3 d6 3. d4 cxd4 4. Nxd4 Nf6 5. Nc3 a6 6. Be2 e6 7. O-O Be7 8. Be3
b5 9. a3 Bb7 10. Bd3 O-O 11. f4 Nbd7 12. Qe2 Rc8 13. Kh1 Re8 14. Rad1 Qc7 15.
Bg1 Bf8 16. h3 g6 17. Nf3 Nh5 18. Bh2 Bh6 19. Qf2 Qc5 20. Qh4 Bg7 21. Bg1 Qc7
22. Nd4 Qd8 23. Qxd8 Ng3+ 24. Kh2 Nxf1+ 25. Rxf1 Rexd8 26. Nde2 Nc5 27. Kg3 f5
28. exf5 exf5 29. Rd1 Ne4+ 30. Bxe4 fxe4 31. Be3 d5 32. Nd4 Kf7 33. Kf2 Bf6 34.
g3 Rc4 35. Rd2 Ba8 36. Ke2 Rb8 37. Na2 Rcc8 38. c3 Bc6 39. Nb4 Bb7 40. Nbc2 Rd8
41. Kf2 h5 42. Kg2 Bc8 43. Nc6 1/2-1/2

[Event "Top20"]
[Site "?"]
[Date "1999.10.02"]
[Round "1"]
[White "Valentin, Alain"]
[Black "Cizeron, Frederic"]
[Result "0-1"]
[WhiteElo "1700"]
[BlackElo "1840"]
[PlyCount "100"]

1. d4 Nf6 2. c4 g6 3. Nc3 Bg7 4. e4 d6 5. Be2 O-O 6. Bg5 Nbd7 7. Qd2 e5 8. d5
a5 9. O-O-O Nc5 10. f3 Qd7 11. Nh3 Ne8 12. g4 f6 13. Be3 Qe7 14. Nf2 Rf7 15. h4
Qf8 16. g5 f5 17. h5 f4 18. hxg6 hxg6 19. Bxc5 dxc5 20. Rdg1 Qe7 21. Bf1 Bf8
22. Bh3 Rh7 23. Bxc8 Rxc8 24. Rxh7 Qxh7 25. Ng4 Qe7 26. Nh6+ Bxh6 27. gxh6 Kh7
28. Rh1 Nd6 29. b3 Rg8 30. Nd1 b6 31. Nf2 Qg5 32. Ng4 Nxe4 33. Qb2 Re8 34. Re1
Nf6 35. Rxe5 Rxe5 36. Qxe5 Qxe5 37. Nxe5 Kxh6 38. Kd2 Kh5 39. Ke2 g5 40. Kf2 g4
41. fxg4+ Nxg4+ 42. Nxg4 Kxg4 43. Kg2 f3+ 44. Kf2 Kf4 45. Kg1 Ke3 46. Kf1 a4
47. bxa4 f2 48. a3 Kf3 49. a5 bxa5 50. a4 Ke3 0-1

[Event "Top20"]
[Site "?"]
[Date "1999.10.23"]
[Round "2"]
[White "Tchalimian, Pascal"]
[Black "Bellon, Yves"]
[Result "1-0"]
[WhiteElo "2080"]
[BlackElo "1820"]
[PlyCount "31"]

1. e4 c5 2. Nf3 d6 3. d4 cxd4 4. Nxd4 Nf6 5. Nc3 a6 6. Bg5 Nbd7 7. f4 b5 8. a3
Bb7 9. Bxf6 gxf6 10. Qh5 Nc5 11. O-O-O Qa5 12. e5 Rb8 13. exd6 b4 14. d7+ Kd8
15. Qxf7 Nxd7 16. Ne6+ 1-0

[Event "Top20"]
[Site "?"]
[Date "1999.10.23"]
[Round "2"]
[White "Talavera, Jose"]
[Black "Graillon, David"]
[Result "1-0"]
[WhiteElo "1890"]
[BlackElo "1790"]
[PlyCount "63"]

1. e4 d5 2. exd5 Qxd5 3. Nc3 Qa5 4. Be2 Nf6 5. Nf3 c6 6. h3 g6 7. O-O Bg7 8. d4
Qc7 9. Ne5 Nfd7 10. Bf4 Nxe5 11. dxe5 Bxe5 12. Bh6 Bf5 13. Bc4 b5 14. Bb3 a5
15. a3 a4 16. Ba2 b4 17. axb4 a3 18. Bb3 Qb7 19. Re1 Nd7 20. Rxe5 Nxe5 21. Bg7
Rd8 22. Qe2 axb2 23. Rb1 f6 24. Bxh8 c5 25. bxc5 Kf8 26. Rxb2 Bxh3 27. f3 Bxg2
28. Qe4 Bxf3 29. Qxb7 Bxb7 30. Be6 Nf7 31. Rxb7 Nxh8 32. c6 1-0

[Event "Top20"]
[Site "?"]
[Date "1999.10.23"]
[Round "2"]
[White "Cizeron, Frederic"]
[Black "Petit, Didier"]
[Result "1-0"]
[WhiteElo "1840"]
[BlackElo "1750"]
[PlyCount "153"]

1. d4 d5 2. Nf3 Nf6 3. c4 g6 4. Nc3 c6 5. Bf4 Bg7 6. e3 dxc4 7. Bxc4 O-O 8. O-O
b5 9. Bb3 e6 10. Rc1 Bb7 11. Ne5 Nh5 12. Nd3 Nxf4 13. Nxf4 a5 14. Ne4 Na6 15.
Nd3 Rc8 16. Ndc5 Nxc5 17. Nxc5 Ba8 18. f4 Qe7 19. Qf3 Qd6 20. Rcd1 a4 21. Bc2
f5 22. b3 a3 23. b4 Rfe8 24. Rd3 Bf8 25. Rxa3 Qc7 26. Rb3 Bxc5 27. bxc5 Qa5 28.
a3 Rcd8 29. Qf2 Qc7 30. Ra1 Qg7 31. g3 Rd5 32. Rab1 h6 33. Bd1 Rdd8 34. Bf3 g5
35. Kh1 g4 36. Bg2 Qa7 37. Qa2 h5 38. Rb4 Bb7 39. Qb3 Rc8 40. a4 Rb8 41. axb5
cxb5 42. Qb2 Bxg2+ 43. Qxg2 Qa3 44. R4b3 Qa4 45. Qe2 Qa8+ 46. Qg2 Qa4 47. Rb4
Qa3 48. Qe2 Qa8+ 49. Kg1 Qe4 50. R4b3 Red8 51. Qg2 Qd5 52. Qxd5 Rxd5 53. Rxb5
Rc8 54. Rb6 Kf7 55. Ra1 Rd7 56. Raa6 Re7 57. Kf2 Kf6 58. Kg2 Kf7 59. h4 Kf6 60.
Kf2 Kf7 61. Ke2 Kf6 62. Kd3 Rd8 63. Kc4 Rc8 64. d5 Rec7 65. Rxe6+ Kf7 66. Rec6
Ke8 67. Kb5 Rb8+ 68. Rcb6 Rbc8 69. c6 Ke7 70. Kc5 Kd8 71. d6 Rh7 72. c7+ Kd7
73. Rb8 Rhh8 74. Raa8 Rhe8 75. Rxc8 Rxc8 76. Rxc8 Kxc8 77. Kb6 1-0

[Event "Top20"]
[Site "?"]
[Date "1999.10.23"]
[Round "2"]
[White "Carrot, Patrick"]
[Black "Cursoux, Laurent"]
[Result "0-1"]
[WhiteElo "1750"]
[BlackElo "2211"]
[PlyCount "72"]

1. d4 Nf6 2. c4 c5 3. e3 g6 4. g3 Bg7 5. Bg2 O-O 6. Nf3 d6 7. O-O Nc6 8. Nc3
Bg4 9. a3 Nd7 10. dxc5 Nxc5 11. Qc2 Rc8 12. b4 Bf5 13. e4 Nxe4 14. Nxe4 Bxa1
15. Bh6 Bg7 16. Bxg7 Kxg7 17. Qb2+ f6 18. Re1 Ne5 19. Nxe5 dxe5 20. Qc1 b6 21.
c5 Bxe4 22. Rxe4 bxc5 23. bxc5 Qa5 24. Rh4 h5 25. c6 Rfd8 26. Rc4 Qd2 27. Qf1
Qd3 28. Rc1 Qxf1+ 29. Kxf1 f5 30. Ke2 Rd6 31. Rc5 e4 32. f3 Rcxc6 33. Rxc6 Rxc6
34. fxe4 Ra6 35. exf5 gxf5 36. Bf3 Rxa3 0-1

[Event "Top20"]
[Site "?"]
[Date "1999.10.23"]
[Round "2"]
[White "Massard, Christian"]
[Black "Poncet, Alain"]
[Result "1/2-1/2"]
[WhiteElo "1740"]
[BlackElo "1860"]
[PlyCount "59"]

1. Nf3 g6 2. c4 d6 3. d4 Bg7 4. Nc3 Nf6 5. e4 O-O 6. Be2 Nbd7 7. Bg5 c5 8. d5
Ng4 9. Qd2 Re8 10. O-O Nge5 11. Nxe5 Nxe5 12. f4 Ng4 13. Bxg4 Bxg4 14. h3 Bd7
15. Ne2 b5 16. Rac1 bxc4 17. Rxc4 Qb6 18. b3 Bb5 19. Rc2 Bd3 20. Rcc1 Bxe4 21.
Rc4 Bf5 22. Re1 e5 23. g4 Bd7 24. Nc3 exf4 25. Ne4 f5 26. Nf6+ Bxf6 27. Rxe8+
Rxe8 28. Bxf6 Bb5 29. Rxf4 Re4 30. gxf5 1/2-1/2

[Event "Top20"]
[Site "?"]
[Date "1999.10.23"]
[Round "2"]
[White "Bruel, Bruno"]
[Black "Cursoux, Gerard"]
[Result "0-1"]
[WhiteElo "1720"]
[BlackElo "2100"]
[PlyCount "94"]

1. d4 Nf6 2. c4 c5 3. e3 e6 4. Nf3 cxd4 5. exd4 d5 6. Nc3 a6 7. a4 dxc4 8. Bxc4
Be7 9. h3 O-O 10. O-O Qc7 11. Qe2 Rd8 12. Rd1 Nc6 13. Be3 Nb4 14. Rac1 Qa5 15.
Bd2 Qh5 16. Qe5 Qxe5 17. dxe5 Nd7 18. Be3 Nc6 19. Bf4 Na5 20. Ne4 Nxc4 21. Rxc4
b5 22. Rc7 Nb6 23. Nd6 Kf8 24. Bg5 Bd7 25. Bxe7+ Kxe7 26. a5 Nd5 27. Rc5 f6 28.
Ne4 Rac8 29. g4 Rc6 30. b4 $11 30... Nxb4 31. Rxc6 Bxc6 32. Rxd8 Kxd8 33. exf6
gxf6 34. Ned2 Bxf3 35. Nxf3 Nc6 36. h4 Nxa5 37. Nd4 Ke7 38. f4 b4 39. Ne2 Nc6
40. Kf1 a5 41. Ke1 Kd6 42. Kd2 Kd5 43. Kd3 a4 44. h5 e5 45. Ng3 a3 46. Kc2 Nd4+
47. Kb1 exf4 0-1

[Event "Top20"]
[Site "?"]
[Date "1999.10.23"]
[Round "2"]
[White "Rea, Laurent"]
[Black "Deville, Olivier"]
[Result "1/2-1/2"]
[WhiteElo "1740"]
[BlackElo "2060"]
[PlyCount "79"]

1. d4 d5 2. c4 c6 3. Nf3 dxc4 4. a4 e6 5. e3 Bb4+ 6. Nc3 b5 7. Be2 a5 8. O-O
Nf6 9. Qc2 O-O 10. Rd1 Bb7 11. axb5 Bxc3 12. bxc6 Bxc6 13. Qxc3 Bd5 14. Nd2 Qc7
15. f3 Rc8 16. e4 Bb7 17. Ra4 Nc6 18. Nxc4 Nb4 19. b3 Nd7 20. Qb2 Rcb8 21. Bd2
Bc6 22. Ra3 a4 23. Bxb4 Rxb4 24. Qc3 Rxb3 25. Rxb3 axb3 26. Qxb3 Rb8 27. Qe3
Ba4 28. Rc1 Rb3 29. Qd2 Qb8 30. Qa2 Rb4 31. Bf1 Bb3 32. Qa6 Qf4 33. Qa1 Ra4 34.
Qb1 Bxc4 35. Bxc4 Qe3+ 36. Kh1 Qxd4 37. Bf1 h5 38. Rd1 Qa7 39. Bb5 Rd4 40. Bf1
1/2-1/2

[Event "Top20"]
[Site "?"]
[Date "1999.10.23"]
[Round "2"]
[White "Garon, Pierre"]
[Black "Valentin, Alain"]
[Result "1-0"]
[WhiteElo "1920"]
[BlackElo "1700"]
[PlyCount "81"]

1. c4 e5 2. Nc3 Nc6 3. g3 f5 4. Bg2 Nf6 5. e3 Be7 6. Nge2 O-O 7. O-O d6 8. d4
Qe8 9. b3 a6 10. Bb2 Bd8 11. Rc1 g5 12. Nd5 Qg6 13. c5 f4 14. exf4 gxf4 15.
dxe5 Nh5 16. Nexf4 Nxf4 17. Nxf4 Rxf4 18. gxf4 Bh4 19. cxd6 Bg4 20. f3 Bh3 21.
Qc2 Bf5 22. Qc4+ Be6 23. Qe2 cxd6 24. exd6 Re8 25. Be5 Bf5 26. Rfd1 Kf7 27. Kh1
Qh6 28. Qb2 Bg3 29. Bf1 Qh5 30. Bc4+ Be6 31. Qg2 Rg8 32. Bxe6+ Kxe6 33. Qe2 Kd7
34. Rg1 Qh3 35. Rg2 Rg6 36. Rcg1 Bxf4 37. Bxf4 Nd4 38. Qe7+ Kc6 39. Rxg6 hxg6
40. Qe4+ Kc5 41. Rc1+ 1-0

[Event "Top20"]
[Site "?"]
[Date "1999.10.23"]
[Round "2"]
[White "Roche, Marius"]
[Black "Boblin, Laurent"]
[Result "1-0"]
[WhiteElo "1690"]
[BlackElo "1780"]
[PlyCount "61"]

1. d4 Nf6 2. Nf3 e6 3. Bf4 d5 4. Nbd2 c5 5. e3 Be7 6. h3 O-O 7. c3 Nc6 8. Bd3
Re8 9. O-O Bd6 10. Bg5 e5 11. dxe5 Bxe5 12. Bb5 Bd6 13. Qa4 Bd7 14. Qh4 Re6 15.
Bd3 g6 16. Rfe1 Be7 17. e4 dxe4 18. Nxe4 Nxe4 19. Bxe4 h5 20. Rad1 Qe8 21. Bd5
Bxg5 22. Qxg5 Rxe1+ 23. Rxe1 Qd8 24. Qxg6+ Kh8 25. Qxh5+ Kg7 26. Qxf7+ Kh6 27.
Re4 Ne5 28. Qf4+ Kh7 29. Qxe5 Kg6 30. Nh4+ Kh7 31. Qh5+ 1-0

[Event "Top20"]
[Site "?"]
[Date "1999.11.13"]
[Round "3"]
[White "Talavera, Jose"]
[Black "Tchalimian, Pascal"]
[Result "0-1"]
[WhiteElo "1890"]
[BlackElo "2080"]
[PlyCount "106"]

1. e4 c5 2. Nf3 Nc6 3. Bb5 g6 4. Nc3 Bg7 5. Bxc6 dxc6 6. d3 Nf6 7. O-O O-O 8.
h3 Qc7 9. Be3 b6 10. Qd2 Re8 11. Bh6 Ba6 12. Bxg7 Kxg7 13. e5 Nd5 14. e6 f6 15.
Rfe1 Rad8 16. Nh2 Qf4 17. Qe2 Nxc3 18. bxc3 Rd6 19. Qe3 Qxe3 20. Rxe3 f5 21.
Rae1 Kf6 22. g4 Bc8 23. h4 Rxe6 24. gxf5 gxf5 25. f4 Rxe3 26. Rxe3 e5 27. Nf3
Rg8+ 28. Kf2 exf4 29. Re1 Rg3 30. Re8 Be6 31. Rf8+ Kg7 32. Ra8 Bd5 33. Rxa7+
Kf6 34. Ng1 Rg2+ 35. Kf1 Rxc2 36. c4 Bg2+ 37. Ke1 f3 38. Nxf3 Bxf3 39. Rxh7
Rxa2 40. h5 Rh2 41. Rb7 Bxh5 42. Rxb6 Bf3 43. Rb3 Bh1 44. Rb8 Ke5 45. Re8+ Kd4
46. Rf8 Rh5 47. Kd2 Rh2+ 48. Ke1 Ke5 49. Kf1 Rd2 50. Rh8 Bf3 51. Rd8 Kf4 52.
Ke1 Rh2 53. Rf8 Ke3 0-1

[Event "Top20"]
[Site "?"]
[Date "1999.11.13"]
[Round "3"]
[White "Ollier, Michel"]
[Black "Cizeron, Frederic"]
[Result "1-0"]
[WhiteElo "1840"]
[BlackElo "1840"]
[PlyCount "35"]

1. e4 e6 2. d4 d5 3. e5 c5 4. c3 Nc6 5. Nf3 Qb6 6. a3 a5 7. Bd3 Bd7 8. Bc2 f6
9. O-O fxe5 10. Nxe5 Nxe5 11. dxe5 Ne7 12. Nd2 g6 13. Nf3 Bg7 14. Be3 Qc7 15.
b4 c4 16. Bc5 Bxe5 17. Nxe5 Qxe5 18. Bd4 1-0

[Event "Top20"]
[Site "?"]
[Date "1999.11.13"]
[Round "3"]
[White "Cursoux, Laurent"]
[Black "Garon, Pierre"]
[Result "1-0"]
[WhiteElo "2211"]
[BlackElo "1920"]
[PlyCount "49"]

1. e4 c6 2. d4 d5 3. f3 e6 4. e5 c5 5. c3 Nc6 6. f4 Nh6 7. Be3 Nf5 8. Bf2 Qb6
9. Qb3 Qxb3 10. axb3 cxd4 11. Nf3 dxc3 12. bxc3 Bd7 13. Bd3 Nh6 14. h3 Be7 15.
O-O f6 16. b4 a5 17. b5 Nb8 18. c4 fxe5 19. fxe5 O-O 20. cxd5 exd5 21. Nc3 Be6
22. Nd4 Bf5 23. Nxf5 Nxf5 24. Nxd5 Bd8 25. Bc5 1-0

[Event "Top20"]
[Site "?"]
[Date "1999.11.13"]
[Round "3"]
[White "Cursoux, Gerard"]
[Black "Carrot, Patrick"]
[Result "1-0"]
[WhiteElo "2100"]
[BlackElo "1750"]
[PlyCount "55"]

1. c4 Nf6 2. Nc3 c6 3. e4 d5 4. e5 d4 5. exf6 dxc3 6. bxc3 exf6 7. d4 Be6 8.
Nf3 Qa5 9. Bd2 Nd7 10. c5 b6 11. cxb6 axb6 12. Bd3 g6 13. O-O Bg7 14. c4 Qa4
15. Qe2 O-O 16. Rfc1 Rfe8 17. Be3 f5 18. Qd2 c5 19. d5 f4 20. Bxf4 Bg4 21. Rab1
Bxf3 22. gxf3 Qxa2 23. Qxa2 Rxa2 24. Re1 Rea8 25. Re7 R8a3 26. Rxd7 Rxd3 27.
Rd8+ Bf8 28. Bh6 1-0

[Event "Top20"]
[Site "?"]
[Date "1999.11.13"]
[Round "3"]
[White "Poncet, Alain"]
[Black "Petit, Didier"]
[Result "1-0"]
[WhiteElo "1860"]
[BlackElo "1750"]
[PlyCount "105"]

1. d4 Nf6 2. c4 e6 3. Nf3 b6 4. e3 Bb7 5. Bd3 c5 6. O-O Be7 7. Nc3 O-O 8. b3
Nc6 9. Bb2 d5 10. Rc1 Rc8 11. Qe2 Nb4 12. Rfd1 Nxd3 13. Qxd3 Ne4 14. dxc5 Bxc5
15. cxd5 Nxc3 16. Qxc3 f6 17. dxe6 Qe8 18. Qd3 Bxf3 19. gxf3 Qxe6 20. Qd5 Rce8
21. Qxe6+ Rxe6 22. Rd7 a5 23. Rcd1 Rfe8 24. Rb7 R8e7 25. Rdd7 Kf7 26. Kf1 Rxd7
27. Rxd7+ Kg6 28. f4 Rc6 29. Ke2 Bb4 30. Kd3 Kh6 31. e4 Bc5 32. f3 Bg1 33. h3
Bh2 34. f5 Bf4 35. Bc3 g6 36. fxg6 Kxg6 37. Rd5 h5 38. e5 fxe5 39. Bxe5 Bxe5
40. Rxe5 Rd6+ 41. Ke4 Rd2 42. Re6+ Kg5 43. Rxb6 Rxa2 44. f4+ Kh4 45. Rb5 a4 46.
bxa4 Rxa4+ 47. Kf5 Kxh3 48. Kg5 h4 49. Rb3+ Kg2 50. Kg4 Rxf4+ 51. Kxf4 h3 52.
Rb2+ Kg1 53. Kg3 1-0

[Event "Top20"]
[Site "?"]
[Date "1999.11.13"]
[Round "3"]
[White "Bellon, Yves"]
[Black "Massard, Christian"]
[Result "0-1"]
[WhiteElo "1820"]
[BlackElo "1740"]
[PlyCount "79"]

1. c4 b6 2. d4 e6 3. e4 Bb7 4. Bd3 Nf6 5. Qe2 Be7 6. Nf3 d5 7. cxd5 exd5 8. e5
Ne4 9. Nc3 Bb4 10. O-O Nxc3 11. bxc3 Bxc3 12. Bg5 Qd7 13. Rac1 Bb4 14. Qc2 c6
15. Bf5 Qc7 16. Qb3 Be7 17. Qxd5 Bxg5 18. Nxg5 Qe7 19. Qxf7+ Qxf7 20. Nxf7 Kxf7
21. d5 c5 22. Rfd1 Rd8 23. Be4 Na6 24. Rc3 Nb4 25. Rf3+ Kg8 26. e6 Bxd5 27.
Bxd5 Rxd5 28. Re1 Re8 29. h3 Nc2 30. Re4 Nd4 31. Ra3 a5 32. Rae3 Rd6 33. e7 Rd7
34. Kf1 Nf5 35. Rb3 Rd6 36. g4 Rxe7 37. Rxe7 Nxe7 38. Ke2 Nc6 39. Ke3 Nb4 40.
a3 0-1

[Event "Top20"]
[Site "?"]
[Date "1999.11.20"]
[Round "3"]
[White "Graillon, David"]
[Black "Roche, Marius"]
[Result "1/2-1/2"]
[WhiteElo "1790"]
[BlackElo "1690"]
[PlyCount "114"]

1. Nf3 f5 2. e4 d6 3. Bc4 e6 4. d4 Be7 5. exf5 d5 6. Ne5 Nf6 7. Bg5 O-O 8. Bd3
c5 9. c3 cxd4 10. O-O Nc6 11. Bxf6 Bxf6 12. Nxc6 bxc6 13. fxe6 Bxe6 14. Qe2 Qd7
15. Bc2 Rae8 16. Qd3 g6 17. cxd4 Qd8 18. Nd2 Qd6 19. Nf3 c5 20. Rae1 c4 21. Qd2
Bg4 22. Rxe8 Rxe8 23. Bd1 Re4 24. Re1 Bxf3 25. Bxf3 Rxe1+ 26. Qxe1 Bxd4 27. Qa5
Bxb2 28. Qxd5+ Qxd5 29. Bxd5+ Kg7 30. Bxc4 g5 31. Kf1 Ba3 32. Ke2 Kf6 33. Kf3
h6 34. Ke4 Bb4 35. Kf3 Bc5 36. Kg3 Bd6+ 37. Kg4 Bc5 38. f3 Bd6 39. h4 Bf4 40.
Kh5 Kg7 41. a4 Be3 42. g3 Bd2 43. Kg4 Kf6 44. Ba6 Be3 45. Kh3 Bd2 46. Kg2 Be3
47. g4 Ke5 48. h5 Kf4 49. Bb7 Bb6 50. Kf1 Ke3 51. Ke1 Bc7 52. Kd1 Kd3 53. Be4+
Kc3 54. Ke2 Bf4 55. a5 Kd4 56. a6 Kc3 57. Bb7 Kd4 1/2-1/2

[Event "Top20"]
[Site "?"]
[Date "1999.11.20"]
[Round "3"]
[White "Deville, Olivier"]
[Black "Bruel, Bruno"]
[Result "1-0"]
[WhiteElo "2060"]
[BlackElo "1720"]
[PlyCount "59"]

1. d4 d5 2. Nf3 Nf6 3. c4 c6 4. Qc2 dxc4 5. Qxc4 Bf5 6. g3 Nbd7 7. Bg2 h6 8.
O-O Nb6 9. Qb3 e6 10. Rd1 Bd6 11. Ne5 O-O 12. Nc3 a5 13. a4 Nfd5 14. e4 Nxc3
15. bxc3 Bh7 16. Bf4 g5 17. Be3 Qc7 18. f4 Kg7 19. d5 Nd7 20. Nxd7 Qxd7 21.
dxe6 Qe7 22. e5 Bb8 23. Rd7 Qe8 24. Rad1 Bf5 25. exf7 Rxf7 26. Rxb7 Be6 27.
Rxf7+ Qxf7 28. Qb2 gxf4 29. gxf4 Qe8 30. Qb7+ 1-0

[Event "Top20"]
[Site "?"]
[Date "1999.11.20"]
[Round "3"]
[White "Boblin, Laurent"]
[Black "Rea, Laurent"]
[Result "1-0"]
[WhiteElo "1780"]
[BlackElo "1740"]
[PlyCount "83"]

1. e4 e6 2. d4 c5 3. Nf3 cxd4 4. Nxd4 a6 5. Nc3 Qc7 6. Bd3 Nf6 7. O-O Be7 8.
Re1 d6 9. Nce2 Nc6 10. Nxc6 bxc6 11. Ng3 h5 12. e5 dxe5 13. Ne4 Nxe4 14. Rxe4
f5 15. Ra4 e4 16. Be2 Kf7 17. Bd2 Bb7 18. Ba5 Qc8 19. Rd4 c5 20. Rd7 Bd5 21.
Rc7 Qe8 22. c4 Bc6 23. Qd6 Rc8 24. Rd1 Rxc7 25. Qxc7 g6 26. Rd6 Ba8 27. Bd1 h4
28. h3 g5 29. Bb6 Qc8 30. Qa7 Bb7 31. Rd2 Rg8 32. Ba4 g4 33. hxg4 e3 34. Rd7 e2
35. Ba5 Rd8 36. Rxb7 Re8 37. Bxe8+ Qxe8 38. Rxe7+ Qxe7 39. Qxe7+ Kxe7 40. gxf5
exf5 41. f3 Kd6 42. Bc3 1-0

[Event "Top20"]
[Site "?"]
[Date "1999.11.13"]
[Round "3"]
[White "Valentin, Alain"]
[Black "Bourrat, Nicolas"]
[Result "1/2-1/2"]
[WhiteElo "1700"]
[BlackElo "1710"]
[PlyCount "99"]

1. d4 d5 2. c4 e5 3. dxe5 d4 4. Nf3 Nc6 5. a3 Bg4 6. Bf4 Bxf3 7. exf3 g5 8. Bg3
Bg7 9. Bd3 Qd7 10. O-O O-O-O 11. Qc2 Kb8 12. Re1 h5 13. h3 Re8 14. Nd2 Bxe5 15.
Ne4 Bxg3 16. fxg3 Re5 17. Re2 Qd8 18. Rae1 Nf6 19. b4 Rhe8 20. f4 gxf4 21. gxf4
R5e6 22. b5 Na5 23. Nxf6 Qxf6 24. f5 Rxe2 25. Rxe2 Rxe2 26. Qxe2 c6 27. Qxh5
cxb5 28. cxb5 Qe7 29. Qh8+ Kc7 30. Qxd4 Qxa3 31. h4 Qc1+ 32. Kh2 Qh6 33. Kh3 b6
34. Qe5+ Kd7 35. Qd5+ Kc7 36. Qxf7+ Kd6 37. Qe6+ Qxe6 38. fxe6 Kxe6 39. Kg4 Nb7
40. Kg5 Nd6 41. h5 Nf7+ 42. Kg6 Ne5+ 43. Kg7 Nxd3 44. g4 Ne5 45. g5 Kf5 46. g6
Kg5 47. Kh7 Kxh5 48. g7 Nd7 49. Kg8 Kg6 50. Kh8 1/2-1/2